00439 2200181 4500001002100000005001500021035002000036008004100056245004300097100001700140250000600157260003400163300001200197084001400209082000800223650001400231990001200245INLIS00000000000019820240502022559 a0010-0424000174240502 0 ind 1 aTuntunan Shalat Sunnah /cUst. Hartono aUst. Hartono a1 aSolo :bTiga Serangkai,c2009 a242 hlm a200 HAR t a200 4aNon Fiksi a0732456